000 00274nam a2200109Ia 4500
008 240109s9999 xx 000 0 und d
041 _aeng
100 _aL.Gartside
245 _aModern Business Correspondence 4th Ed
260 _bPitman Hongkong
650 _aManagement
999 _c1020575
_d1020575